Normal view
MARC view
- ARTE, OBJETOS DE -
Entry Materia
001 - NÚMERO DE CONTROL DEL REGISTRO
- campo de control: 2598
003 - IDENTIFICADOR DE NUMERO DE CONTROL
- campo de control: UPN
005 - FECHA Y HORA DE LA ÚLTIMA TRANSACCIÓN
- campo de control: 20210219193624.0
008 - DATOS DE LONGITUD FIJA
- campo de control de longitud fija: nabaccnnaabn|||||||||| b |nc|||||d
035 ## - NÚMERO DE CONTROL DEL SISTEMA
- Número de control del sistema: UPN10000002598
040 ## - FUENTE DE LA CATALOGACIÓN
- Lengua de catalogación: SPA
- Agencia de transcripción: UPN
053 #4 - NÚMERO CLASIFICADOR - BIBLIOTECA DEL CONGRESO (LC)
- Elemento numérico de la clasificación - Número único o no. inicial del rango: N8560
150 ## - ENCABEZAMIENTO - TEMÁTICO
- Término de materia o nombre geográfico como elemento inicial: ARTE, OBJETOS DE -
- Subdivisión de materia general: CONSERVACION Y RESTAURACION
450 ## - VÉASE - MATERIA
- Encabezamiento temático: Arte -
- Subdivisión temática general: Restauración y conservación
450 ## - VÉASE - MATERIA
- Encabezamiento temático: Conservación y restauración de objetos de arte
450 ## - VÉASE - MATERIA
- Encabezamiento temático: Objetos de arte -
- Subdivisión temática general: Conservación y restauración
450 ## - VÉASE - MATERIA
- Encabezamiento temático: Restauración de objetos de arte
670 ## - FUENTE EN LA QUE SE LOCALIZARON DATOS
- Cita de la fuente: E/P
902 ## - CATALOGADOR
- Catalogador: MEEG/231096
